000 00540nam a2200205Ia 4500
005 20240502115009.0
008 131103s9999 xx 000 0 und d
020 _a8170236681
040 _aLoreto College
041 _aEnglish
082 _a428
_bCOL
245 _aNew radiant readers
_b book viii
_cEdited by T.C. Collocott
260 _aNew Delhi
_bAllied pub.
_c2002
300 _aviii,266p.
_b ill.
650 _aEnglish readers
651 _aEnglish language
700 _aCollocott, T.C; ed.
850 _aLCBED
942 _cBK
999 _c30404
_d80883